[Event "FIDE Women's Grand Prix Dilijan"]
[Site "Dilijan ARM"]
[Date "2013.06.21"]
[EventDate "2013.06.16"]
[Round "5"]
[Result "1-0"]
[White "Anna Muzychuk"]
[Black "Antoaneta Stefanova"]
[WhiteElo "2593"]
[BlackElo "2531"]
[PlyCount "79"]

1. e4 e5 2. Nf3 Nc6 3. Bb5 Nge7 4. Nc3 d6 5. d4 exd4 6. Nxd4
a6 7. Be2 Nxd4 8. Qxd4 Nc6 9. Qe3 g6 10. Qg3 Nd4 11. Bd3 Ne6
12. Bd2 Bg7 13. O-O-O b5 14. f4 Nc5 15. f5 Nxd3+ 16. Qxd3 Be5
17. Rhf1 Bb7 18. Nd5 c6 19. Ne3 Qe7 20. Ng4 O-O-O 21. Qe3 Rhe8
22. Qh6 gxf5 23. Bg5 f6 24. Bxf6 Bxf6 25. Nxf6 Rf8 26. Rxf5
Rf7 27. Rdf1 Qe6 28. b3 c5 29. Qf4 Re7 30. Re1 b4 31. g4 a5
32. g5 a4 33. Re3 axb3 34. axb3 Bc6 35. h4 Kb7 36. Rd3 c4
37. Rd4 cxb3 38. Rxb4+ Kc8 39. Rxb3 Bxe4 40. Rc5+ 1-0

[Event "FIDE Women's Grand Prix Dilijan"]
[Site "Dilijan ARM"]
[Date "2013.06.21"]
[EventDate "2013.06.16"]
[Round "5"]
[Result "1-0"]
[White "Viktorija Cmilyte"]
[Black "Antoaneta Stefanova"]
[WhiteElo "2511"]
[BlackElo "2531"]
[PlyCount "77"]

1. d4 d5 2. c4 c6 3. Nf3 Nf6 4. e3 Bf5 5. Nc3 e6 6. Nh4 Be4
7. f3 Bg6 8. Qb3 Qc7 9. Bd2 Be7 10. Nxg6 hxg6 11. cxd5 cxd5
12. O-O-O Nc6 13. Kb1 a6 14. Rc1 O-O 15. Qd1 b5 16. h4 Rfc8
17. g4 Qd8 18. Bd3 Na5 19. h5 g5 20. f4 b4 21. Na4 gxf4 22. g5
Ne4 23. g6 f5 24. exf4 Rxc1+ 25. Bxc1 Bf6 26. Nc5 Qe8 27. Be3
Nxc5 28. dxc5 Nc4 29. Bc1 Rc8 30. Bxf5 Qc6 31. Bg4 Re8 32. Re1
Kf8 33. f5 exf5 34. Bxf5 Qxc5 35. h6 Rxe1 36. Qxe1 gxh6
37. Qe6 Qe7 38. Bxh6+ Ke8 39. Qg8+ 1-0

[Event "FIDE Women's Grand Prix Dilijan"]
[Site "Dilijan ARM"]
[Date "2013.06.24"]
[EventDate "2013.06.16"]
[Round "8"]
[Result "1/2-1/2"]
[White "Nana Dzagnidze"]
[Black "Antoaneta Stefanova"]
[WhiteElo "2550"]
[BlackElo "2531"]
[PlyCount "87"]

1. d4 d5 2. c4 c6 3. Nf3 Nf6 4. Nc3 a6 5. a4 e6 6. Bg5 a5
7. e3 Be7 8. Be2 O-O 9. O-O Na6 10. Qb3 Nb4 11. Na2 dxc4
12. Bxc4 Nxa2 13. Rxa2 Nd5 14. Bxe7 Nxe7 15. Raa1 Qc7 16. Rac1
Rd8 17. Ne5 Bd7 18. f4 g6 19. g4 Kg7 20. f5 exf5 21. Bxf7 Rf8
22. g5 Rad8 23. Rf4 Qd6 24. Rc5 b5 25. Qa2 Rb8 26. Bb3 bxa4
27. Bc4 Rb7 28. Qa3 Be6 29. Qc3 Kg8 30. Nxc6 Nxc6 31. Bxe6+
Qxe6 32. d5 Qe7 33. dxc6 Rxb2 34. Qxb2 Qxc5 35. Qa2+ Rf7
36. Qe6 Qe7 37. Qxe7 Rxe7 38. Rxa4 Rc7 39. Rxa5 Rxc6 40. Kf2
Rc4 41. Ra8+ Kg7 42. Ra7+ Kg8 43. Ra8+ Kg7 44. Ra7+ 1/2-1/2

[Event "FIDE Women's Grand Prix Dilijan"]
[Site "Dilijan ARM"]
[Date "2013.06.26"]
[EventDate "2013.06.16"]
[Round "9"]
[Result "1-0"]
[White "Antoaneta Stefanova"]
[Black "Olga Girya"]
[WhiteElo "2531"]
[BlackElo "2436"]
[PlyCount "123"]

1. d4 d5 2. c4 c6 3. Nc3 Nf6 4. e3 Bf5 5. cxd5 cxd5 6. Qb3 Nc6
7. Qxb7 Bd7 8. Qb3 Rb8 9. Qd1 e5 10. Nf3 Bd6 11. dxe5 Nxe5
12. Be2 O-O 13. O-O Qe7 14. Nxe5 Qxe5 15. f4 Qe6 16. Bf3 Bc5
17. Nxd5 Nxd5 18. Bxd5 Bxe3+ 19. Kh1 Qb6 20. Bxe3 Qxe3 21. b3
Bb5 22. Qc1 Qd4 23. Rd1 Qf6 24. Qe3 Rbe8 25. Qxa7 Qxf4 26. Kg1
Be2 27. Qd4 Qg5 28. Rd2 Bg4 29. Rf1 Be6 30. h4 Qg3 31. Bf3 Rc8
32. Qf2 Qb8 33. Bd5 Bxd5 34. Rxd5 Rc7 35. Rfd1 Qc8 36. a4 Rc2
37. Qd4 Qb7 38. b4 h6 39. h5 Re8 40. b5 Ra2 41. Rd2 Rxd2
42. Qxd2 Qa7+ 43. Qd4 Qa5 44. Qf4 Re1+ 45. Kh2 Qb6 46. Rd3 Ra1
47. Re3 Qc5 48. Re8+ Kh7 49. Qe4+ f5 50. Qe3 Qxe3 51. Rxe3
Rxa4 52. Rb3 Ra7 53. b6 Rb7 54. Kg3 g5 55. hxg6+ Kxg6 56. Kf4
Kf6 57. Rb5 Ke6 58. g3 Rb8 59. b7 Kd7 60. Kxf5 Kc7 61. Kg6
Rg8+ 62. Kh7 1-0

[Event "FIDE Women's Grand Prix Dilijan"]
[Site "Dilijan ARM"]
[Date "2013.06.27"]
[EventDate "2013.06.16"]
[Round "10"]
[Result "1/2-1/2"]
[White "Tuvshintugs Batchimeg"]
[Black "Antoaneta Stefanova"]
[WhiteElo "2316"]
[BlackElo "2531"]
[PlyCount "109"]

1. d4 Nf6 2. Nf3 e6 3. c4 b6 4. a3 Bb7 5. Nc3 g6 6. g3 Bxf3
7. exf3 d5 8. Bf4 dxc4 9. Bxc4 c6 10. O-O Bg7 11. Rc1 O-O
12. Re1 a5 13. Be5 Ra7 14. b4 axb4 15. axb4 b5 16. Bd3 Qe7
17. Qb3 Nbd7 18. Ne4 Nxe5 19. dxe5 Nd5 20. Rxc6 Qxb4 21. Rb1
Qxb3 22. Rxb3 Ra1+ 23. Kg2 Bxe5 24. Rxb5 Bd4 25. Bc4 Ne7
26. Rc7 Nc8 27. Rd7 Bb6 28. Nf6+ Kg7 29. Ng4 Re1 30. Re5 Rxe5
31. Nxe5 Bc5 32. Bxe6 Kf6 33. Bb3 Kxe5 34. Rd5+ Kf6 35. Rxc5
Nd6 36. Rc6 Rd8 37. f4 Rd7 38. g4 Kg7 39. Bc2 Nb5 40. Ba4 Rb7
41. Rc5 Nd6 42. Bc2 Rb4 43. Rd5 Ne8 44. Kg3 Nc7 45. Rd7 Ne6
46. f5 Nd4 47. fxg6 hxg6 48. Bd3 g5 49. Rd5 Ne6 50. h4 gxh4+
51. Kxh4 Nf4 52. Rd7 Nxd3 53. Rxd3 f5 54. f3 fxg4 55. fxg4
1/2-1/2

[Event "FIDE Women's Grand Prix Dilijan"]
[Site "Dilijan ARM"]
[Date "2013.06.28"]
[EventDate "2013.06.16"]
[Round "11"]
[Result "1/2-1/2"]
[White "Antoaneta Stefanova"]
[Black "Dronavalli Harika"]
[WhiteElo "2531"]
[BlackElo "2492"]
[PlyCount "137"]

1. d4 Nf6 2. Nf3 g6 3. g3 Bg7 4. Bg2 O-O 5. O-O d6 6. a4 Na6
7. b3 c5 8. Bb2 Bd7 9. d5 Qc8 10. Nfd2 Bh3 11. e4 Bxg2
12. Kxg2 e6 13. Nc3 exd5 14. Nxd5 Nxd5 15. Bxg7 Nf4+ 16. gxf4
Kxg7 17. Nc4 Nb4 18. c3 Nc6 19. Qf3 Qe6 20. Rad1 Rad8 21. Rfe1
Kg8 22. Re2 Rfe8 23. Re3 b6 24. Qg3 Qe7 25. Qg5 Qxg5+ 26. fxg5
Ne5 27. Na3 c4 28. b4 a5 29. bxa5 bxa5 30. Rd4 Kf8 31. Kg3 Re6
32. Rd5 Rc8 33. Rxa5 Nd3 34. f3 Re5 35. Rxe5 dxe5 36. Nxc4
Rxc4 37. Rxd3 Rxa4 38. Rd8+ Ke7 39. Rc8 Kd7 40. Rh8 Rc4
41. Rxh7 Ke6 42. h4 Rxc3 43. h5 Rc1 44. hxg6 fxg6 45. Rh2 Rg1+
46. Rg2 Rf1 47. Kg4 Kf7 48. Rh2 Rg1+ 49. Kh4 Ke6 50. Rh3 Rf1
51. Kg4 Rg1+ 52. Rg3 Rf1 53. Rg2 Kf7 54. Ra2 Rg1+ 55. Kh4 Rh1+
56. Kg3 Rg1+ 57. Rg2 Rf1 58. Kg4 Ke6 59. Rg3 Kf7 60. Kh3 Rf2
61. Kh4 Rf1 62. Kg4 Ke6 63. Rg2 Kf7 64. Ra2 Rg1+ 65. Kh4 Rh1+
66. Kg3 Rg1+ 67. Rg2 Rf1 68. Rh2 Rg1+ 69. Rg2 1/2-1/2

[Event "European Individual Women's Championship"]
[Site "Belgrade SRB"]
[Date "2013.07.23"]
[EventDate "2013.07.23"]
[Round "1.9"]
[Result "0-1"]
[White "Anna Hairapetian"]
[Black "Antoaneta Stefanova"]
[WhiteElo "2214"]
[BlackElo "2497"]
[PlyCount "64"]

1. e4 e5 2. Nf3 Nc6 3. Bb5 Nge7 4. O-O g6 5. c3 a6 6. Ba4 Bg7
7. d4 exd4 8. cxd4 b5 9. Bb3 O-O 10. Nc3 d6 11. h3 Na5 12. Bc2
Bb7 13. Bg5 h6 14. Bh4 Qd7 15. Re1 g5 16. Bg3 f5 17. exf5 Nxf5
18. Ne4 Rae8 19. Bh2 Bd5 20. Qd3 Bc4 21. Qc3 Nc6 22. Bb3 Nfxd4
23. Bxc4+ bxc4 24. Qxc4+ d5 25. Nc5 Nxf3+ 26. gxf3 Qf7
27. Qxa6 Rxe1+ 28. Rxe1 Nd4 29. Re3 Nxf3+ 30. Rxf3 Qxf3
31. Qe6+ Kh7 32. Bg3 Bd4 0-1

[Event "European Individual Women's Championship"]
[Site "Belgrade SRB"]
[Date "2013.07.24"]
[EventDate "2013.07.23"]
[Round "2.8"]
[Result "1-0"]
[White "Antoaneta Stefanova"]
[Black "Daria Charochkina"]
[WhiteElo "2497"]
[BlackElo "2326"]
[PlyCount "83"]

1. d4 d5 2. c4 c6 3. Nf3 Nf6 4. e3 e6 5. b3 Bd6 6. Bb2 O-O
7. Bd3 Nbd7 8. Nbd2 Qe7 9. Ne5 Ne8 10. Qc2 g6 11. e4 dxe4
12. Nxe4 Bb4+ 13. Kf1 f5 14. Nd2 Nxe5 15. dxe5 c5 16. Be2 g5
17. Rd1 Bd7 18. h3 Ng7 19. Bf3 Be8 20. Nb1 Bg6 21. Qc1 h5
22. g3 g4 23. Bg2 f4 24. gxf4 Bxb1 25. Qxb1 Rxf4 26. Bc1 Rf5
27. hxg4 hxg4 28. Qe4 Raf8 29. Kg1 Bc3 30. Be3 Bxe5 31. Qxg4
Bf4 32. Bxf4 Rxf4 33. Qg6 Rh4 34. Rd3 Rf6 35. Qg5 Rd4 36. Rg3
Rd1+ 37. Bf1 Rd7 38. Rh2 Rf5 39. Qh6 Qf6 40. Rg6 Qa1 41. Qh8+
Kf7 42. Rhg2 1-0

[Event "European Individual Women's Championship"]
[Site "Belgrade SRB"]
[Date "2013.07.25"]
[EventDate "2013.07.23"]
[Round "3.2"]
[Result "1/2-1/2"]
[White "Jovana Rapport"]
[Black "Antoaneta Stefanova"]
[WhiteElo "2376"]
[BlackElo "2497"]
[PlyCount "84"]

1. d4 Nf6 2. c4 e6 3. Nc3 Bb4 4. Qc2 Nc6 5. Nf3 d6 6. a3 Bxc3+
7. Qxc3 Qe7 8. b4 e5 9. dxe5 Nxe5 10. Nxe5 dxe5 11. Bb2 e4
12. Qg3 O-O 13. Qg5 a5 14. b5 Be6 15. e3 Rfc8 16. Bxf6 Qxf6
17. Qxf6 gxf6 18. Be2 c6 19. b6 c5 20. O-O Ra6 21. Rfb1 Rc6
22. Rb5 Raxb6 23. Rxa5 Rb2 24. Bf1 Rc2 25. Rb5 Rc7 26. h3 Bxc4
27. Bxc4 Rxc4 28. Rab1 Ra4 29. Rxb7 Rxb7 30. Rxb7 Rxa3 31. Rc7
Rc3 32. Kh2 Rc2 33. Kg3 Kg7 34. Rc8 f5 35. Rc6 c4 36. Rc5 Kg6
37. Rc6+ f6 38. Rc7 c3 39. Rc5 Rc1 40. Kh2 Rc2 41. Kg3 Rc1
42. Kh2 Rc2 1/2-1/2

[Event "European Individual Women's Championship"]
[Site "Belgrade SRB"]
[Date "2013.07.26"]
[EventDate "2013.07.23"]
[Round "4.7"]
[Result "1-0"]
[White "Antoaneta Stefanova"]
[Black "Sabrina Vega Gutierrez"]
[WhiteElo "2497"]
[BlackElo "2402"]
[PlyCount "75"]

1. Nf3 d5 2. c4 c6 3. d4 Nf6 4. e3 e6 5. b3 c5 6. Bb2 cxd4
7. exd4 Be7 8. Bd3 O-O 9. O-O b6 10. Nbd2 Bb7 11. Qe2 Nbd7
12. Rfe1 Rc8 13. Ne5 Rc7 14. a3 Qa8 15. f4 g6 16. Rac1 Nh5
17. Rf1 Nxe5 18. fxe5 Bg5 19. g3 f6 20. exf6 Rcf7 21. c5 Rxf6
22. b4 Rxf1+ 23. Rxf1 Rxf1+ 24. Kxf1 Ng7 25. Nf3 Bf6 26. Bc1
bxc5 27. bxc5 Qe8 28. Bg5 Bxg5 29. Nxg5 Bc8 30. Qe5 Qa4
31. Kg2 h6 32. Nf3 Nf5 33. g4 Ne7 34. Qf6 Qe8 35. Ne5 Kh7
36. h4 Kg8 37. Bxg6 Nxg6 38. Nxg6 1-0

[Event "European Individual Women's Championship"]
[Site "Belgrade SRB"]
[Date "2013.07.27"]
[EventDate "2013.07.23"]
[Round "5.3"]
[Result "1-0"]
[White "Deimante Cornette"]
[Black "Antoaneta Stefanova"]
[WhiteElo "2363"]
[BlackElo "2497"]
[PlyCount "63"]

1. e4 e5 2. Nf3 Nc6 3. d4 exd4 4. Nxd4 Bb4+ 5. c3 Bc5 6. Be3
Bb6 7. Nf5 g6 8. Bxb6 axb6 9. Ne3 Nf6 10. f3 Qe7 11. Be2 O-O
12. O-O d5 13. Nxd5 Nxd5 14. exd5 Rd8 15. c4 b5 16. Kh1 bxc4
17. Bxc4 Na5 18. Bb3 b5 19. Nc3 b4 20. Re1 Qf6 21. Ne4 Qxb2
22. Rb1 Qe5 23. f4 Qg7 24. Qd2 Rb8 25. Qf2 Nxb3 26. Qh4 Rf8
27. Nf6+ Kh8 28. Rxb3 Rb6 29. Ne8 Qd4 30. Rbe3 Bb7 31. Qh6 Kg8
32. Re5 1-0

[Event "European Individual Women's Championship"]
[Site "Belgrade SRB"]
[Date "2013.07.28"]
[EventDate "2013.07.23"]
[Round "6.10"]
[Result "0-1"]
[White "Antoaneta Stefanova"]
[Black "Salome Melia"]
[WhiteElo "2497"]
[BlackElo "2428"]
[PlyCount "62"]

1. d4 Nf6 2. c4 e6 3. Nc3 Bb4 4. e3 O-O 5. Bd3 d5 6. Ne2 c5
7. cxd5 cxd4 8. exd4 Nxd5 9. O-O Nc6 10. Nxd5 exd5 11. Nf4 Bd6
12. Re1 Qf6 13. Nxd5 Qxd4 14. Be3 Qh4 15. g3 Qg4 16. Be2 Qg6
17. Qa4 Bf5 18. Qh4 Rfe8 19. Bh5 Qe6 20. Rad1 Rad8 21. Nc3 Be7
22. Qa4 Bb4 23. Bf3 Bxc3 24. bxc3 Ne5 25. Bxb7 Nd3 26. Qa5 Bg4
27. Bg5 Nxe1 28. Rxd8 Nf3+ 29. Bxf3 Qe1+ 30. Kg2 Bxf3+ 31. Kh3
Qe6+ 0-1

[Event "European Individual Women's Championship"]
[Site "Belgrade SRB"]
[Date "2013.07.29"]
[EventDate "2013.07.23"]
[Round "7.22"]
[Result "1/2-1/2"]
[White "Masha Klinova"]
[Black "Antoaneta Stefanova"]
[WhiteElo "2322"]
[BlackElo "2497"]
[PlyCount "31"]

1. e4 e5 2. Nf3 Nc6 3. d4 exd4 4. Nxd4 Bc5 5. Be3 Qf6 6. c3
Nge7 7. Bc4 Ne5 8. Be2 Qg6 9. O-O d6 10. Bh5 Qxe4 11. Nd2 Qd3
12. Be2 Qg6 13. Bh5 Qd3 14. Be2 Qg6 15. Bh5 Qd3 16. Be2
1/2-1/2

[Event "European Individual Women's Championship"]
[Site "Belgrade SRB"]
[Date "2013.07.31"]
[EventDate "2013.07.23"]
[Round "8.24"]
[Result "1-0"]
[White "Antoaneta Stefanova"]
[Black "Elena Sedina"]
[WhiteElo "2497"]
[BlackElo "2313"]
[PlyCount "69"]

1. Nf3 d5 2. c4 c6 3. e3 Nf6 4. Nc3 a6 5. Qc2 g6 6. b3 Bg7
7. Bb2 O-O 8. Rc1 Bg4 9. Be2 Nbd7 10. h3 Bf5 11. d3 e5 12. Qb1
Re8 13. cxd5 cxd5 14. O-O h6 15. Qa1 Rc8 16. Na4 Rxc1 17. Rxc1
Qb8 18. b4 g5 19. Nc5 Bg6 20. a4 Bf8 21. a5 Nxc5 22. bxc5 Nd7
23. Qa2 e4 24. dxe4 dxe4 25. c6 exf3 26. cxd7 Rd8 27. Bxf3
Rxd7 28. Qa4 Qd8 29. Bf6 Be7 30. Bd4 Bd6 31. Bb6 Qe7 32. Rc8+
Kh7 33. Bg4 Qe5 34. f4 gxf4 35. Bd4 1-0

[Event "European Individual Women's Championship"]
[Site "Belgrade SRB"]
[Date "2013.08.01"]
[EventDate "2013.07.23"]
[Round "9.27"]
[Result "1-0"]
[White "Antoaneta Stefanova"]
[Black "Maia Lomineishvili"]
[WhiteElo "2497"]
[BlackElo "2351"]
[PlyCount "77"]

1. d4 Nf6 2. c4 g6 3. Nc3 Bg7 4. e4 d6 5. Be2 O-O 6. Be3 Na6
7. Nf3 e5 8. d5 Ng4 9. Bg5 f6 10. Bh4 c5 11. Nd2 h5 12. Nf1
Nh6 13. f3 Nf7 14. Bf2 Bh6 15. Be3 Kg7 16. Bxh6+ Nxh6 17. Qd2
f5 18. exf5 Nxf5 19. Bd3 Nd4 20. Be4 Bf5 21. O-O-O Nb4 22. Kb1
Bxe4+ 23. Nxe4 b5 24. Ne3 bxc4 25. Nxc4 Rb8 26. Nexd6 Nxd5
27. Rhe1 Rf6 28. Ne4 Nb6 29. Nxe5 Na4 30. b3 Qd5 31. Nxc5 Qxc5
32. Qxd4 Nc3+ 33. Kc2 Qxd4 34. Rxd4 Nxa2 35. Nd7 Rd8 36. Re7+
Kh6 37. Rh7+ Kg5 38. h4+ Kf5 39. g4+ 1-0

[Event "European Individual Women's Championship"]
[Site "Belgrade SRB"]
[Date "2013.08.02"]
[EventDate "2013.07.23"]
[Round "10.12"]
[Result "1/2-1/2"]
[White "Zoya Schleining"]
[Black "Antoaneta Stefanova"]
[WhiteElo "2368"]
[BlackElo "2497"]
[PlyCount "82"]

1. d4 d5 2. c4 c6 3. Nf3 Nf6 4. Nc3 e6 5. Bg5 Be7 6. e3 Nbd7
7. a3 b6 8. Rc1 Bb7 9. cxd5 Nxd5 10. Bxe7 Qxe7 11. Bd3 O-O
12. O-O c5 13. Nxd5 Bxd5 14. e4 Bb7 15. b4 Rfc8 16. dxc5 bxc5
17. b5 c4 18. Bb1 a6 19. Nd4 g6 20. Rc3 e5 21. bxa6 Rxa6
22. Nf3 Nb6 23. Qc1 Rca8 24. Nd2 Rxa3 25. Nxc4 Rxc3 26. Qxc3
Qc7 27. Bd3 Rc8 28. Qb3 Nxc4 29. Bxc4 Bxe4 30. Bd5 Bf5 31. h3
h5 32. Re1 Kg7 33. Qe3 Re8 34. Rc1 Qd6 35. Bf3 Re7 36. Rc6 Qd7
37. Qg5 e4 38. Qf6+ Kg8 39. Rd6 Re6 40. Rxe6 Qxe6 41. Qxe6
Bxe6 1/2-1/2

[Event "European Individual Women's Championship"]
[Site "Belgrade SRB"]
[Date "2013.08.03"]
[EventDate "2013.07.23"]
[Round "11.10"]
[Result "1-0"]
[White "Antoaneta Stefanova"]
[Black "Joanna Majdan-Gajewska"]
[WhiteElo "2497"]
[BlackElo "2375"]
[PlyCount "45"]

1. d4 Nf6 2. c4 d6 3. Nc3 Bf5 4. f3 e5 5. d5 e4 6. Be3 exf3
7. exf3 Be7 8. Nge2 O-O 9. Ng3 Bg6 10. f4 Qd7 11. Be2 Re8
12. O-O Bd8 13. Bd4 Bf5 14. Nxf5 Qxf5 15. g4 Qc8 16. g5 c5
17. Bxf6 gxf6 18. Bg4 f5 19. Bh3 f6 20. Qh5 Re3 21. Rae1 Rxh3
22. Re8+ Kg7 23. Qxh3 1-0

[Event "FIDE Women's Grand Prix Tashkent"]
[Site "Tashkent UZB"]
[Date "2013.09.18"]
[EventDate "2013.09.18"]
[Round "1.4"]
[Result "1-0"]
[White "Antoaneta Stefanova"]
[Black "Guliskhan Nakhbayeva"]
[WhiteElo "2496"]
[BlackElo "2307"]
[PlyCount "105"]

1. d4 e6 2. c4 Nf6 3. Nf3 b6 4. e3 Bb7 5. Nc3 d5 6. cxd5 exd5
7. Bb5+ c6 8. Bd3 Be7 9. O-O O-O 10. Ne5 c5 11. Qf3 Nc6
12. Rd1 Qc7 13. Nb5 Nxe5 14. Qf5 Nf3+ 15. gxf3 Qc6 16. dxc5
bxc5 17. b3 a6 18. Nc3 g6 19. Qh3 Rfe8 20. Bb2 Bf8 21. Ne2 Nd7
22. Rac1 Ne5 23. Kg2 Rad8 24. Nf4 Bg7 25. Bd4 Nxd3 26. Nxd3 c4
27. Qh4 Bf8 28. Ne5 Qe6 29. Ng4 Bg7 30. bxc4 Rd6 31. c5 Rc6
32. Nh6+ Kf8 33. Rb1 Bc8 34. Rb6 Rxb6 35. cxb6 Bxd4 36. Rxd4
Qxb6 37. Rf4 Re7 38. Ng8 Re5 39. Nf6 h5 40. Rb4 Qc7 41. Qf4
Qd6 42. Qh6+ Ke7 43. Nh7 Ke8 44. Rd4 Qe7 45. Qg7 Bb7 46. Rf4
Rf5 47. Rxf5 gxf5 48. Nf6+ Kd8 49. Nxh5 Kc7 50. Nf4 Bc6
51. Kg3 a5 52. h4 a4 53. h5 1-0

[Event "FIDE Women's Grand Prix Tashkent"]
[Site "Tashkent UZB"]
[Date "2013.09.19"]
[EventDate "2013.09.18"]
[Round "2"]
[Result "1/2-1/2"]
[White "Olga Girya"]
[Black "Antoaneta Stefanova"]
[WhiteElo "2439"]
[BlackElo "2496"]
[PlyCount "65"]

1. d4 d5 2. Nf3 Nf6 3. c4 c6 4. Nc3 a6 5. e3 Bf5 6. Bd3 Bxd3
7. Qxd3 b5 8. b3 Nbd7 9. O-O e6 10. a3 Qc7 11. Bb2 Rb8
12. Rab1 Be7 13. e4 bxc4 14. bxc4 dxe4 15. Nxe4 Nxe4 16. Qxe4
Bf6 17. Bc1 Rxb1 18. Qxb1 O-O 19. Qe4 Be7 20. Bf4 Bd6 21. Bxd6
Qxd6 22. c5 Qc7 23. Rb1 Rb8 24. Rxb8+ Qxb8 25. h3 Qc7 26. Nd2
Nf6 27. Qd3 Qa5 28. Qg3 h6 29. Qb8+ Kh7 30. Qb1+ Kg8 31. Qb8+
Kh7 32. Qb1+ Kg8 33. Qb8+ 1/2-1/2

[Event "FIDE Women's Grand Prix Tashkent"]
[Site "Tashkent UZB"]
[Date "2013.09.20"]
[EventDate "2013.09.18"]
[Round "3"]
[Result "0-1"]
[White "Antoaneta Stefanova"]
[Black "Ju Wenjun"]
[WhiteElo "2496"]
[BlackElo "2535"]
[PlyCount "124"]

1. d4 d6 2. e4 Nf6 3. Nc3 g6 4. Be3 Bg7 5. Qd2 c6 6. Bh6 Bxh6
7. Qxh6 Qa5 8. f3 Nbd7 9. Nge2 b5 10. Qd2 Bb7 11. Ng3 a6
12. a4 e5 13. Be2 Qb6 14. O-O-O O-O-O 15. f4 h5 16. fxe5 dxe5
17. Rhf1 h4 18. Nh1 b4 19. Na2 Nxe4 20. Qxb4 Qxb4 21. Nxb4 a5
22. Nd3 exd4 23. Rxf7 Rhf8 24. Rf4 c5 25. Rxh4 g5 26. Rh6 Rf6
27. Rh7 c4 28. Ne1 Nb6 29. Nf3 Rfd6 30. Ne5 c3 31. b3 Rf8
32. Bg4+ Kb8 33. Bf3 Ba8 34. Re7 Nc5 35. Nf2 Nc8 36. Rg7 Bxf3
37. Nxf3 Ne6 38. Rh7 Rf4 39. Nd3 Re4 40. Nfe5 Re2 41. g3 Na7
42. Rf1 Nc6 43. Nc4 Rd8 44. Kd1 Re8 45. Rf5 Nc7 46. Rf8 Rxf8
47. Kxe2 Nd5 48. Nc5 Re8+ 49. Kf2 Ncb4 50. Nxa5 Rc8 51. Nd7+
Ka8 52. Nc4 d3 53. Ncb6+ Nxb6 54. Nxb6+ Kb8 55. Nd7+ Ka7
56. Ne5+ Kb6 57. a5+ Ka6 58. Rh6+ Kxa5 59. Rh7 dxc2 60. Ra7+
Kb5 61. Ra1 Rd8 62. Nc4 c1=Q 0-1

[Event "FIDE Women's Grand Prix Tashkent"]
[Site "Tashkent UZB"]
[Date "2013.09.21"]
[EventDate "2013.09.18"]
[Round "4"]
[Result "1/2-1/2"]
[White "Elina Danielian"]
[Black "Antoaneta Stefanova"]
[WhiteElo "2470"]
[BlackElo "2496"]
[PlyCount "107"]

1. d4 d5 2. Nf3 Nf6 3. c4 c6 4. e3 Bg4 5. Qb3 Qb6 6. Nc3 e6
7. Nh4 Bh5 8. h3 Qxb3 9. axb3 Na6 10. g4 Nb4 11. Ra4 g5
12. gxh5 gxh4 13. c5 a5 14. Bd2 Kd7 15. Na2 Nxa2 16. Rxa2 Be7
17. Bd3 Nxh5 18. Ke2 b6 19. cxb6 Rhb8 20. Rxa5 Rxa5 21. Bxa5
Bd8 22. Rg1 Bxb6 23. Bc3 Bd8 24. Bc2 f5 25. Rg8 Nf6 26. Rg7+
Be7 27. f3 Ke8 28. Rg1 Ra8 29. Kd2 Kf7 30. Bd3 h6 31. Kc2 Nh7
32. e4 Ng5 33. exf5 Nxh3 34. fxe6+ Kxe6 35. Rg6+ Bf6 36. Rxh6
Ng1 37. Bf1 Rh8 38. Rxh8 Bxh8 39. Kd3 Nxf3 40. Bh3+ Ke7
41. Ke3 Ng5 42. Bf1 h3 43. Kf2 h2 44. Kg2 Nf3 45. Be2 Nxd4
46. Bxd4 Bxd4 47. Kxh2 Kd6 48. Bh5 Bxb2 49. Kg2 Ke5 50. Be8 c5
51. Kf3 Kd4 52. Bf7 c4 53. bxc4 dxc4 54. Bxc4 1/2-1/2

[Event "FIDE Women's Grand Prix Tashkent"]
[Site "Tashkent UZB"]
[Date "2013.09.23"]
[EventDate "2013.09.18"]
[Round "5"]
[Result "1/2-1/2"]
[White "Antoaneta Stefanova"]
[Black "Koneru Humpy"]
[WhiteElo "2496"]
[BlackElo "2607"]
[PlyCount "104"]

1. d4 Nf6 2. c4 e6 3. Nf3 Bb4+ 4. Nbd2 b6 5. a3 Bxd2+ 6. Qxd2
O-O 7. e3 Ba6 8. Be2 d5 9. b3 c5 10. Ne5 Qc7 11. Bb2 Rd8
12. cxd5 cxd4 13. Bxd4 Bxe2 14. Qxe2 Rxd5 15. Qb2 Nbd7
16. Nxd7 Qxd7 17. O-O Ne8 18. Rac1 Rd8 19. a4 Qe7 20. Qc2 h5
21. Qe2 Nd6 22. Rc2 Nf5 23. Bc3 Qg5 24. f4 Qg6 25. e4 Nd4
26. Bxd4 Rxd4 27. f5 Qg4 28. fxe6 fxe6 29. Qf2 Rd1 30. Qf7+
Kh7 31. Rcf2 Rxf1+ 32. Rxf1 Rd2 33. Qf3 Qxf3 34. Rxf3 Kg6
35. Rg3+ Kf6 36. e5+ Kf7 37. Rf3+ Kg6 38. Rg3+ Kf7 39. Rf3+
Kg8 40. Rc3 Rb2 41. Rc8+ Kf7 42. Rc7+ Kg6 43. Rxa7 Rxb3
44. Re7 Kf5 45. Rxg7 Rb4 46. Ra7 h4 47. a5 bxa5 48. Rxa5 Kf4
49. Kf2 Rb2+ 50. Kf1 Rb1+ 51. Kf2 Rb2+ 52. Kf1 Rb1+ 1/2-1/2

[Event "FIDE Women's Grand Prix Tashkent"]
[Site "Tashkent UZB"]
[Date "2013.09.24"]
[EventDate "2013.09.18"]
[Round "6"]
[Result "1-0"]
[White "Kateryna Lahno"]
[Black "Antoaneta Stefanova"]
[WhiteElo "2532"]
[BlackElo "2496"]
[PlyCount "119"]

1. e4 e5 2. Nf3 Nc6 3. d4 exd4 4. Nxd4 Bb4+ 5. c3 Bc5 6. Be3
Bb6 7. Nf5 Qf6 8. Na3 Nge7 9. Nb5 Ba5 10. Nxe7 Qxe7 11. Bd3 d6
12. O-O O-O 13. a4 Ne5 14. Be2 a6 15. Nd4 Ng6 16. Nb3 Bb6
17. Bxb6 cxb6 18. Qd4 d5 19. Bd3 Nf4 20. exd5 Qg5 21. g3 Nxd5
22. h4 Qd8 23. Rfd1 Be6 24. Bc4 Nf6 25. Bxe6 fxe6 26. Qd6 Qc8
27. Nd4 Ng4 28. f3 e5 29. Qd5+ Kh8 30. Ne6 Rf6 31. Ng5 Nh6
32. Qxe5 Nf7 33. Nxf7+ Rxf7 34. Rd3 Qf8 35. Re1 Rxf3 36. Rxf3
Qxf3 37. Qe8+ Qf8 38. Qxf8+ Rxf8 39. Re6 h5 40. Re7 Rd8
41. Rxb7 Rd6 42. Kf2 a5 43. b4 Rc6 44. bxa5 bxa5 45. Rb5 g6
46. Rxa5 Kg7 47. Rg5 Rxc3 48. Ke2 Kf7 49. a5 Rc6 50. Kd3 Ke7
51. Kd4 Kd7 52. Rd5+ Ke7 53. Rc5 Rf6 54. Kc4 Kd7 55. Kb5 Rf1
56. Rg5 Rf6 57. a6 Kc7 58. Rc5+ Kb8 59. Rc6 Rf5+ 60. Kb6 1-0

[Event "FIDE Women's Grand Prix Tashkent"]
[Site "Tashkent UZB"]
[Date "2013.09.25"]
[EventDate "2013.09.18"]
[Round "7"]
[Result "1/2-1/2"]
[White "Antoaneta Stefanova"]
[Black "Alexandra Kosteniuk"]
[WhiteElo "2496"]
[BlackElo "2495"]
[PlyCount "77"]

1. d4 d5 2. c4 e6 3. Nc3 Be7 4. cxd5 exd5 5. Bf4 c6 6. e3 Bf5
7. g4 Be6 8. h4 Nd7 9. g5 h6 10. g6 Ngf6 11. gxf7+ Bxf7
12. Bd3 Nh5 13. Bh2 O-O 14. Qg4 Ndf6 15. Qg2 Be6 16. Bg6 Ne4
17. Nf3 Nxc3 18. bxc3 Qa5 19. Kd2 Qa3 20. Rhb1 Nf6 21. Rb3 Qa6
22. Be5 c5 23. a4 Ng4 24. Bf4 Rac8 25. a5 b5 26. dxc5 d4
27. cxd4 Bxb3 28. Qxg4 Rcd8 29. Bxh6 Qf6 30. Bf4 Bxc5 31. Qh5
Bb4+ 32. Kd3 Qxg6+ 33. Qxg6 Rc8 34. Qh5 Rc3+ 35. Ke2 Bc4+
36. Kd1 Bb3+ 37. Ke2 Bc4+ 38. Kd1 Bb3+ 39. Ke2 1/2-1/2

[Event "FIDE Women's Grand Prix Tashkent"]
[Site "Tashkent UZB"]
[Date "2013.09.26"]
[EventDate "2013.09.18"]
[Round "8"]
[Result "1/2-1/2"]
[White "Antoaneta Stefanova"]
[Black "Dronavalli Harika"]
[WhiteElo "2496"]
[BlackElo "2475"]
[PlyCount "67"]

1. d4 Nf6 2. c4 g6 3. Nc3 d5 4. cxd5 Nxd5 5. Bd2 Bg7 6. e4
Nxc3 7. Bxc3 O-O 8. Qd2 c5 9. d5 e6 10. Bxg7 Kxg7 11. Bc4 exd5
12. Bxd5 Nd7 13. Rc1 Nf6 14. Rxc5 Be6 15. Ne2 Bxd5 16. exd5
Re8 17. O-O b6 18. Rc2 Qxd5 19. Qxd5 Nxd5 20. Rd2 Nf6 21. f3
Rad8 22. Rfd1 Rc8 23. Nc3 Rc5 24. Kf2 h5 25. Rd4 Re6 26. h4 b5
27. a3 a6 28. Rd6 Rc6 29. Rxe6 Rxe6 30. Rd8 Rb6 31. Rd4 Ne8
32. Rd8 Nf6 33. Rd4 Ne8 34. Rd8 1/2-1/2